| 000 | 00386nam a2200169Ia 4500 | ||
|---|---|---|---|
| 003 | IT-RoPAU | ||
| 008 | 120407s9999 xx 000 0 und d | ||
| 040 | _aIT-RoPAU | ||
| 040 | _cIT-RoPAU | ||
| 100 | _aNatalia Aspesi | ||
| 245 | _aCorpo corpo. Una cultura per la sopravvivenza | ||
| 260 | _aBompiani | ||
| 300 | _c cm | ||
| 490 | _v1 | ||
| 700 | _aLietta Tornabuoni | ||
| 942 | _cBK | ||
| 999 |
_c1325 _d1325 |
||